00377nam a22001337a 450000500170000000800410001702000150005805000250007310000220009824500380012026000400015830000190019850000260021720251028123859.0251028b |||||||| |||| 00| 0 eng d a007823896X aQC 23 .Z58 2002bC.7 aZITZEWITZ, PAUL W aPHYSICS bPrinciples and Problems aNEW YORKbGLENCOE MCGRAW-HILLc2002 aXVI, 894P. ILL aINCLUDES BIBLIOGRAPHY